| 000 | 00705nmm a22001697a 4500 | ||
|---|---|---|---|
| 008 | 170308b xxu||||| |||| 00| 0 ara d | ||
| 100 | 1 |
_aالحويس، صالح بن سليمان بن حمد _925465 |
|
| 245 | 1 | 0 |
_aأحكام عقد الحكر في الفقه الإسلامي مقارنا بما عليه العمل في المملكة العربية السعودية/ _cصالح بن سليمان بن حمد الحويس |
| 250 | _aبدون | ||
| 260 |
_aالسعودية _bجامعة أم القرى _c1427-1428 |
||
| 300 | _a1 | ||
| 650 | 0 | 4 |
_aالفقه وأصوله _9190737 |
| 653 | _aالفقه | ||
| 902 | _adone | ||
| 856 | _uhttp://elibrary.mediu.edu.my/books/MAL05655.pdf | ||
| 942 | _2ddc | ||
| 999 |
_c23608 _d23608 |
||